Aspectos ecológicos de las áreas de descarga de agua subterránea en la sierra de Guadarrama (Registro nro. 10568)

Detalles MARC
000 -CABECERA
Campo de control 006820000a22001930004500
090 ## - CLASIFICACIÓN LOCAL
Colección AR
Consecutivo 01485
041 0# - IDIOMA
Código de idioma para texto/pista de sonido o título separado
100 1# - ASIENTO PRINCIPAL--NOMBRE PERSONAL
Nombre personal García Sanchez Colomer, Manuel Ramón
245 10 - MENCION DE TITULO
Título Aspectos ecológicos de las áreas de descarga de agua subterránea en la sierra de Guadarrama
650 14 - ASIENTO SECUNDARIO DE MATERIA - TERMINO TEMATICO
Término temático o nombre geográfico como elemento de entrada Caracterización ecológica
650 14 - ASIENTO SECUNDARIO DE MATERIA - TERMINO TEMATICO
Término temático o nombre geográfico como elemento de entrada Vegetación
650 14 - ASIENTO SECUNDARIO DE MATERIA - TERMINO TEMATICO
Término temático o nombre geográfico como elemento de entrada Suelo
650 14 - ASIENTO SECUNDARIO DE MATERIA - TERMINO TEMATICO
Término temático o nombre geográfico como elemento de entrada Geomorfología
651 #4 - ASIENTO SECUNDARIO DE MATERIA - NOMBRE GEOGRAFICO
-- Sierra de Guadarrama
-- España
700 1# - ASIENTO SECUNDARIO - NOMBRE PERSONAL
Nombre personal Rey Benayas, José María
700 1# - ASIENTO SECUNDARIO - NOMBRE PERSONAL
Nombre personal Levassor, Catherine
773 1# - Item fuente:
Título Hidrogeología y Recursos Hidrográficos
Especificación de materiales 533
Descripción física 20
Paginas del Articulo 353-368
Lugar, editorial y fecha de publicación 1995
942 ## - ELEMENTOS ADICIONALES (KOHA)
Tipo de ítem Artículo
Existencias
Withdrawn status Lost status Damaged status No para préstamo Colección Ubicación Permanente Ubicación actual Fecha de adquisición Fuente de Valor Datos de publicación Seriada Total Checkouts Número topográfico Inventario / Código de Barras Date last seen Ejemplar Price effective from Forma de adquisición Tipo de material
      No para Préstamo Hemeroteca Bogotá Bogotá 27/02/2015 Muñoz Saba, Yaneth Fuera de circulación   AR 01485 011841 25/03/2015 1 25/03/2015   Artículo
      No para Préstamo Hemeroteca Bogotá Bogotá 27/02/2015 Muñoz Saba, Yaneth Fuera de circulación   AR 01485 011842 25/03/2015 2 25/03/2015   Artículo